|
|
|
|
| LEADER |
00000nam a2200000 a 4500 |
| 001 |
vtls001355481 |
| 003 |
SK-MaSNL |
| 005 |
20260317115346.0 |
| 008 |
210928s1988 GB 0 eng |
| 020 |
|
|
|a 089235125X
|
| 035 |
|
|
|a SNK000308944
|
| 040 |
|
|
|a SNK
|b slo
|c SNK
|e AACR2
|
| 041 |
0 |
|
|a eng
|
| 044 |
|
|
|a GB
|
| 080 |
|
|
|a 929:02(71/73)(03)=20
|2 1981
|
| 080 |
|
|
|a 03:929:02(71/73)=20
|2 1981
|
| 080 |
|
|
|a 929:002(71/73)(03)=20
|2 1981
|
| 080 |
|
|
|a 03:929:002(71/73)=20
|2 1981
|
| 245 |
1 |
|
|a Directory of Library & Information Professionals TM
|b Pbl. in collaboration with American Library Association
|n vol. 2.
|p Indexes
|
| 260 |
|
|
|a Woodbridge - Connecticut
|b Research Pbl.
|c 1988
|
| 300 |
|
|
|a S. 21-36, 1394-2735
|c 4°
|
| 650 |
0 |
7 |
|a knihovníci
|2 SNK
|9 4220
|
| 650 |
0 |
7 |
|a pracovníci informační
|2 SNK
|9 292403
|
| 651 |
|
7 |
|a Kanada
|2 SNKPH
|9 17505
|
| 651 |
|
7 |
|a Spojené štáty americké
|2 SNK
|9 18262
|
| 919 |
|
|
|a 0-89235-125-X
|
| 958 |
|
|
|a RK
|
| 958 |
|
|
|a OND
|
| 999 |
|
|
|c 548273
|d 550203
|
| 952 |
|
|
|t P60, <04>, [BOOK], {604}
|a SNK
|b SNK
|y VYP
|7 0
|o snkIB 63482/2
|i snkZK 118/90
|0 0
|1 0
|4 0
|d 1999-02-18
|l 0
|r 2005-01-02 00:00:00
|w 2026-02-23
|